[Event "Palanga Baltija op-A"]
[Site "Palanga"]
[Date "2014.06.18"]
[Round "5"]
[White "Miknevicius, Laurynas"]
[Black "Vaskevicius, Augustas"]
[Result "1-0"]
[WhiteElo "2069"]
[BlackElo "1600"]
[PlyCount "33"]
[EventDate "2014.06.16"]
[EventType "swiss"]
[EventRounds "9"]
[EventCountry "LTU"]
[SourceTitle "CBM 161 Extra"]
[Source "ChessBase"]
[SourceDate "2014.08.29"]
[SourceVersion "1"]
[SourceVersionDate "2014.08.29"]
[SourceQuality "1"]

1. d4 d5 2. c4 c6 3. Nf3 Nf6 4. Nc3 Bf5 5. cxd5 cxd5 6. Qb3 b6 7. e4 dxe4 8. Ne5 Be6 9. Bb5+ Nbd7 10. d5 Bf5 11. 0-0 a6 12. Bc6 Rc8 13. Rd1 g6 14. Be3 Rb8 15. Bf4 Rc8 16. Bb7 Rc7 17. Nc6 1-0

[Event "Palanga Baltija op-A"]
[Site "Palanga"]
[Date "2014.06.18"]
[Round "4"]
[White "Vanagas, Tadas"]
[Black "Miknevicius, Laurynas"]
[Result "1/2-1/2"]
[WhiteElo "2146"]
[BlackElo "2069"]
[PlyCount "61"]
[EventDate "2014.06.16"]
[EventType "swiss"]
[EventRounds "9"]
[EventCountry "LTU"]
[SourceTitle "CBM 161 Extra"]
[Source "ChessBase"]
[SourceDate "2014.08.29"]
[SourceVersion "1"]
[SourceVersionDate "2014.08.29"]
[SourceQuality "1"]

1. d4 d5 2. Nf3 Nf6 3. c4 dxc4 4. e3 e6 5. Bxc4 c5 6. 0-0 a6 7. Bb3 Nc6 8. Nc3 cxd4 9. exd4 Be7 10. Re1 0-0 11. Bg5 Nb4 12. Qd2 Re8 13. a3 Nbd5 14. Bc2 b5 15. Qd3 g6 16. Ne5 Bb7 17. Qh3 Nh5 18. Bxe7 Qxe7 19. Be4 Nxc3 20. bxc3 Rac8 21. Qf3 Bxe4 22. Rxe4 f6 23. Nd3 Rxc3 24. Qe2 Rxa3 25. Rc1 Ng7 26. Nc5 b4 27. Nxa6 Ra8 28. Nc5 Ra1 29. Qb2 Rxc1+ 30. Qxc1 Rb8 31. Qc4 1/2-1/2

[Event "Palanga Baltija op-A"]
[Site "Palanga"]
[Date "2014.06.17"]
[Round "3"]
[White "Miknevicius, Laurynas"]
[Black "Klabis, Rokas"]
[Result "1/2-1/2"]
[WhiteElo "2069"]
[BlackElo "2214"]
[PlyCount "83"]
[EventDate "2014.06.16"]
[EventType "swiss"]
[EventRounds "9"]
[EventCountry "LTU"]
[SourceTitle "CBM 161 Extra"]
[Source "ChessBase"]
[SourceDate "2014.08.29"]
[SourceVersion "1"]
[SourceVersionDate "2014.08.29"]
[SourceQuality "1"]

1. d4 Nf6 2. Nf3 d6 3. c4 c6 4. Nc3 Bg4 5. e4 Nbd7 6. Be2 e5 7. Be3 Be7 8. 0-0 0-0 9. Qc2 Re8 10. Rad1 Qc8 11. Rd2 Bxf3 12. Bxf3 Nf8 13. b4 Ng6 14. c5 Ng4 15. Bxg4 Qxg4 16. f3 Qh5 17. d5 dxc5 18. bxc5 Bg5 19. Bxg5 Qxg5 20. Kh1 Qe3 21. Nd1 Qa3 22. Qc3 Qa6 23. Ne3 cxd5 24. exd5 Rac8 25. Rc1 Nf4 26. d6 Rcd8 27. Rcd1 Qb5 28. Nf5 Ng6 29. h3 Qd7 30. Ng3 h6 31. Qa5 e4 32. fxe4 Ne5 33. Qc3 g6 34. Ne2 Qc6 35. Rd5 Nd7 36. e5 b6 37. cxb6 Qxc3 38. Nxc3 axb6 39. Re1 Ra8 40. Re2 Re6 41. Rb5 Ra5 42. Kg1 1/2-1/2

[Event "Palanga Baltija op-A"]
[Site "Palanga"]
[Date "2014.06.16"]
[Round "1"]
[White "Miknevicius, Laurynas"]
[Black "Michailov, Andrej"]
[Result "1-0"]
[WhiteElo "2069"]
[BlackElo "1695"]
[PlyCount "81"]
[EventDate "2014.06.16"]
[EventType "swiss"]
[EventRounds "9"]
[EventCountry "LTU"]
[SourceTitle "CBM 161 Extra"]
[Source "ChessBase"]
[SourceDate "2014.08.29"]
[SourceVersion "1"]
[SourceVersionDate "2014.08.29"]
[SourceQuality "1"]

1. d4 d5 2. c4 c6 3. Nf3 e6 4. Nc3 dxc4 5. a4 Bb4 6. e4 b5 7. Bg5 f6 8. Bd2 Bb7 9. b3 a5 10. bxc4 Bxc3 11. Bxc3 b4 12. Bb2 Ne7 13. c5 Ba6 14. Bxa6 Nxa6 15. 0-0 0-0 16. Qb3 Nc7 17. Nd2 Qe8 18. Nc4 Qh5 19. Bc1 Ng6 20. Be3 f5 21. f3 f4 22. Bf2 Rf6 23. Rad1 h6 24. Rd2 Kh7 25. Rfd1 Ne7 26. Nxa5 Rxa5 27. Qxb4 Ra8 28. Qb7 Rxa4 29. Qxc7 Ng6 30. Qxc6 Ra3 31. e5 Rf5 32. Qxe6 Rg5 33. Rd3 Ra8 34. Kh1 Nh4 35. Qh3 Ra2 36. Bxh4 Rgxg2 37. Qxg2 Rxg2 38. Kxg2 Qxh4 39. c6 Qg5+ 40. Kh1 Qg6 41. Rc3 1-0

[Event "LTU-ch U16"]
[Site "Panevezys"]
[Date "2014.03.29"]
[Round "6"]
[White "Stremavicius, Titas"]
[Black "Miknevicius, Laurynas"]
[Result "1/2-1/2"]
[WhiteElo "2268"]
[BlackElo "2069"]
[PlyCount "40"]
[EventDate "2014.03.25"]
[EventType "swiss"]
[EventRounds "7"]
[EventCountry "LTU"]
[SourceTitle "CBM 159 Extra"]
[Source "ChessBase"]
[SourceDate "2014.04.24"]
[SourceVersion "1"]
[SourceVersionDate "2014.04.24"]
[SourceQuality "1"]

1. a3 c5 2. b4 e6 3. Bb2 Nf6 4. bxc5 Bxc5 5. e3 0-0 6. f4 d5 7. Nf3 Nc6 8. Bb5 Qb6 9. Bxf6 gxf6 10. Bxc6 bxc6 11. Nc3 Qa5 12. Nd4 Bxd4 13. exd4 Ba6 14. Qg4+ Kh8 15. Qh4 Kg7 16. Kf2 c5 17. Qg3+ Kh8 18. Qh4 Kg7 19. Qg3+ Kh8 20. Qh4 Kg7 1/2-1/2

[Event "LTU-chT"]
[Site "Lithuania"]
[Date "2014.03.15"]
[Round "6.1"]
[White "Miknevicius, Laurynas"]
[Black "Mickus, Arvydas"]
[Result "1/2-1/2"]
[WhiteElo "2071"]
[BlackElo "2139"]
[PlyCount "57"]
[EventDate "2014.01.25"]
[EventType "team-swiss"]
[EventRounds "7"]
[EventCountry "LTU"]
[SourceTitle "EXT 2015"]
[Source "ChessBase"]
[SourceDate "2014.11.20"]
[SourceVersion "1"]
[SourceVersionDate "2014.11.20"]
[SourceQuality "1"]
[WhiteTeam "Kaunas Margiris II"]
[BlackTeam "Gargzdai Mintis"]
[WhiteTeamCountry "LTU"]
[BlackTeamCountry "LTU"]

1. d4 d5 2. c4 e6 3. Nc3 Nf6 4. cxd5 exd5 5. Bg5 Be7 6. e3 0-0 7. Qc2 b6 8. Bd3 h6 9. Bh4 Bb7 10. Nf3 Nbd7 11. 0-0 c5 12. Rac1 a6 13. a4 Qc7 14. Bg3 Bd6 15. Bxd6 Qxd6 16. dxc5 Nxc5 17. Bf5 Rfd8 18. Rfd1 Qe7 19. Rd4 Rd6 20. Rcd1 Rad8 21. b4 Ne6 22. Bxe6 Rxe6 23. Qb2 Qc7 24. Rc1 Rc6 25. Rdd1 Rc4 26. Ne2 Qe7 27. Rxc4 dxc4 28. Rxd8+ Qxd8 29. Qd4 1/2-1/2